[Event "Cidreira op"]
[Site "Cidreira"]
[Date "2025.05.03"]
[Round "6"]
[White "Lima, Joao Pedro Bastos"]
[Black "Vieira, Roger Amorin"]
[Result "0-1"]
[WhiteElo "1806"]
[BlackElo "1679"]
[PlyCount "74"]
[EventDate "2025.05.01"]
[EventType "swiss"]
[EventRounds "7"]
[EventCountry "BRA"]
[SourceTitle "CB19_2025"]
[SourceDate "2025.05.07"]
[SourceVersion "1"]
[SourceVersionDate "2025.05.07"]
[SourceQuality "1"]

1. d4 Nf6 2. c4 g6 3. Nc3 Bg7 4. e4 d6 5. Nf3 0-0 6. Be2 Nbd7 7. 0-0 e5 8. d5 Nc5 9. Bg5 h6 10. Bxf6 Bxf6 11. b4 Nd7 12. Ne1 Bg7 13. Nd3 f5 14. f3 f4 15. c5 Nf6 16. a4 Ne8 17. b5 Rf7 18. a5 Bf8 19. Qb3 h5 20. b6 a6 21. c6 cxb6 22. axb6 g5 23. Nf2 Rg7 24. Bxa6 bxa6 25. Ra4 g4 26. fxg4 hxg4 27. b7 Bxb7 28. cxb7 Rb8 29. Rb4 g3 30. hxg3 Rxg3 31. Nh1 Rg7 32. Ra1 Qg5 33. Qb2 f3 34. g3 Qe3+ 35. Kf1 Qd3+ 36. Ke1 Rgxb7 37. Nf2 Qe3+ 0-1

[Event "Cidreira op"]
[Site "Cidreira"]
[Date "2025.05.02"]
[Round "3"]
[White "Carneiro, Rafael Alexsander B"]
[Black "Lima, Joao Pedro Bastos"]
[Result "0-1"]
[WhiteElo "1800"]
[BlackElo "1806"]
[PlyCount "98"]
[EventDate "2025.05.01"]
[EventType "swiss"]
[EventRounds "7"]
[EventCountry "BRA"]
[SourceTitle "CB19_2025"]
[SourceDate "2025.05.07"]
[SourceVersion "1"]
[SourceVersionDate "2025.05.07"]
[SourceQuality "1"]

1. e4 e6 2. d4 d5 3. exd5 exd5 4. Nc3 c6 5. Nf3 Bd6 6. Bd3 Ne7 7. 0-0 0-0 8. Bxh7+ Kxh7 9. Ng5+ Kg8 10. Qh5 Bf5 11. Re1 Bg6 12. Qh3 Qd7 13. g4 Re8 14. Bd2 Qc7 15. Re2 Bf4 16. Rae1 Bxd2 17. Rxd2 Qf4 18. Rde2 Qxg5 19. Re5 Qf6 20. g5 Qd6 21. Qe3 Nd7 22. Rxe7 Rxe7 23. Qxe7 Qxe7 24. Rxe7 Rd8 25. Na4 Kf8 26. Re2 Re8 27. Rxe8+ Kxe8 28. c3 b5 29. Nc5 Nxc5 30. dxc5 a5 31. a3 a4 32. Kg2 Ke7 33. Kf3 Ke6 34. Kf4 Bh5 35. h3 Bd1 36. f3 g6 37. h4 Bc2 38. Ke3 Kf5 39. Kd2 Bb3 40. Ke3 Ke5 41. f4+ Kf5 42. Kf3 Bc2 43. Ke3 Be4 44. Kd4 Kxf4 45. c4 dxc4 46. Kc3 Kg4 47. Kd4 Bd5 48. Ke5 Kxh4 49. Kf6 Kg4 0-1